Les acteurs des rôles emblématiques des sagas (EN) - Statistiques

Statistiques générales
  • Ce quiz a été pris 33 fois
  • Le résultat moyen est 10 sur 16
Statistiques - réponses
Film Rôle Acteur % Correct
Pirates des Caraïbes Jack Sparrow Johnny Depp
100%
Men in Black James Edwards III / Agent J Will Smith
94%
Indiana Jones Henry Walton Jones Jr. Harrison Ford
85%
Mission impossible Ethan Hunt Tom Cruise
82%
Harry Potter Harry Potter Daniel Radcliffe
79%
Matrix Neo / Thomas A. Anderson Keanu Reeves
76%
Rocky Balboa Rocky Balboa Sylvester Stallone
76%
Hunger Games Katniss Everdeen Jennifer Lawrence
73%
Fast and Furious Dominic Toretto Vin Diesel
73%
Terminator T-800 Arnold Schwarzenegger
67%
Le Parrain Don Vito Corleone Marlon Brando
64%
Batman (trilogie de C. Nolan) Bruce Wayne / Batman Christian Bale
58%
Star Wars Luke Skywalker Mark Hamill
36%
Le Hobbit / Le Seigneur des anneaux Gandalf Ian McKellen
30%
Retour vers le futur Marty McFly Michael J. Fox
27%
X-Men Charles Xavier / Professeur X Patrick Stewart
15%
Aucun quiz correspondant
Distribution des résultats
% des personnes avec chaque résultat
Percentile par nombre de réponses
Votre historique - résultats
Vous n’avez pas pris ce quiz